00390nam a2200157Ia 4500001000500000005001700005008004100022041000800063082002100071100003400092245005300126260000900179300002800188650000800216654000800224804020260306160539.0260306t2013||||xx |||||||||||||| ||spa|| aESP a370.1bC75 V. 10 aGonzales Alvarado, OsmareAUT 0aNueva escuela para una nueva nación, 1919-1932 c2013 a325 páginas :c25 cm. aGEN aCED